[Event "AUTO-MASTER-849"]
[Site "http://www.queenalice.com/game.php?id=617365"]
[Date "2009.7.12"]
[Round "1"]
[White "dnptrs"]
[Black "Dallinhas"]
[Result "0-1"]
[WhiteElo "2133"]
[BlackElo "2149"]

1. d4 Nf6 2. Nf3 g6 3. g3 Bg7 4. Bg2 O-O 5. O-O d6 6. c4 Nbd7 7. Nc3 e5 8. d5
Nb6 9. Nd2 Bf5 10. e4 Bd7 11. b3 a5 12. Rb1 Qe7 13. Bb2 a4 14. Nf3 Bg4 15. Qc2
axb3 16. axb3 Ra6 17. Nd2 Rfa8 18. Rfe1 Bc8 19. Nd1 Nbd7 20. b4 Ra4 21. b5 Nc5
22. Nc3 R4a5 23. Rf1 b6 24. Nb3 Nxb3 25. Qxb3 Nd7 26. Ra1 Rxa1 27. Bxa1 Nc5 28.
Qb2 Qg5 29. Na2 Ra4 30. Nb4 f5 31. f4 Qh6 32. Nc6 Bd7 33. Qe2 Nxe4 34. Bxe4 fxe4
35. Qxe4 Ra2 36. h4 Bh3 0-1

[Event "Challenge #1"]
[Site "http://www.queenalice.com/game.php?id=632097"]
[Date "2009.8.7"]
[Round "-"]
[White "Aylton"]
[Black "Dallinhas"]
[Result "0-1"]
[WhiteElo "1909"]
[BlackElo "2183"]

1. d4 Nf6 2. Nf3 g6 3. e3 Bg7 4. c4 O-O 5. Nc3 d6 6. h3 Nbd7 7. Be2 Re8 8. O-O
e5 9. b3 e4 10. Nh2 Nb6 11. Bb2 Bd7 12. Qc2 Qe7 13. Rac1 Rad8 14. f4 exf3 15.
Rxf3 c5 16. d5 Bf5 17. Bd3 Bxd3 18. Qxd3 Nfd7 19. Rg3 Be5 20. Rf3 Bxh2+ 21. Kxh2
Ne5 22. Qe2 Nxf3+ 23. Qxf3 Qxe3 24. Qxe3 Rxe3 25. Rf1 h6 26. Rf2 f5 27. Nb5 a6
28. Nc7 Re4 29. Ne6 Re8 30. Kg3 Nd7 31. Kf3 Nf8 32. g4 Nxe6 33. dxe6 R8xe6 34.
gxf5 Re3+ 35. Kg2 gxf5 36. Rxf5 Rg6+ 37. Kf1 Rxh3 38. Rf2 Rh1+ 39. Ke2 h5 40.
Bc3 h4 41. Bd2 h3 42. Bf4 Rg2 43. Kf3 Rg6 44. Ke4 Rf6 45. Kd5 Rxf4 46. Rxf4 Rd1+
47. Ke6 h2 48. Rh4 h1=Q 49. Rxh1 Rxh1 50. Kxd6 b6 51. Kc6 Rh6+ 52. Kb7 a5 53.
Ka6 Kf7 0-1

[Event "Challenge #2"]
[Site "http://www.queenalice.com/game.php?id=632098"]
[Date "2009.8.7"]
[Round "-"]
[White "Dallinhas"]
[Black "Aylton"]
[Result "1-0"]
[WhiteElo "2176"]
[BlackElo "1895"]

1. d4 Nf6 2. c4 e6 3. Nc3 d5 4. e3 a6 5. Nf3 c5 6. cxd5 exd5 7. Be2 Nc6 8. O-O
h6 9. Ne5 Be6 10. Qa4 Qc8 11. Nxc6 bxc6 12. e4 cxd4 13. exd5 dxc3 14. dxe6 fxe6
15. bxc3 Be7 16. Bf3 O-O 17. Re1 Kf7 18. Qxc6 Qxc6 19. Bxc6 Rac8 20. Ba4 Rxc3
21. Bb2 Rc7 22. Bb3 Nd5 23. Be5 Rb7 24. Rac1 Bf6 25. Bxf6 Kxf6 26. Rc6 Rd8 27.
Rcxe6+ Kf7 28. Rxa6 Kf8 29. Rd1 Rbd7 30. Bxd5 Rxd5 31. Rxd5 Rxd5 32. h3 Rd2 33.
a4 Ra2 34. Ra7 Kg8 35. a5 Kh7 36. h4 Kg6 37. g3 Kf6 38. Kg2 Ke5 39. h5 Kd4 40.
Kf3 Kc5 41. Ke4 Rxf2 42. Rxg7 Kb5 43. Rg6 Kxa5 44. Rxh6 1-0

[Event "Challenge #03"]
[Site "http://www.queenalice.com/game.php?id=649714"]
[Date "2009.9.9"]
[Round "-"]
[White "Aylton"]
[Black "Dallinhas"]
[Result "1-0"]
[WhiteElo "1943"]
[BlackElo "2204"]

1. f4 Nf6 2. Nf3 b6 3. d3 Bb7 4. e4 e6 5. Nc3 Bb4 6. Bd2 O-O 7. Be2 Nc6 8. a3
Be7 9. O-O d5 10. exd5 Bc5+ 11. Kh1 Nxd5 12. Nxd5 Qxd5 13. c4 Qd8 14. b4 Bd6 15.
b5 Ne7 16. g3 Bc5 17. Qb3 Nf5 18. Rae1 a6 19. a4 axb5 20. axb5 Nd4 21. Qd1 Ra2
22. h3 1-0

[Event "Challenge #04"]
[Site "http://www.queenalice.com/game.php?id=649715"]
[Date "2009.9.9"]
[Round "-"]
[White "Dallinhas"]
[Black "Aylton"]
[Result "0-1"]
[WhiteElo "2152"]
[BlackElo "1981"]

1. d4 Nf6 2. c4 e6 3. Nc3 d5 4. e3 a6 5. Nf3 c5 6. cxd5 exd5 7. Be2 Nc6 8. O-O
Be7 9. b3 O-O 10. dxc5 Bxc5 11. Bb2 h6 12. Rc1 Ba7 13. Na4 Be6 14. Bxa6 bxa6 15.
Rxc6 a5 16. Nc5 Bxc5 17. Rxc5 Nd7 18. Qd4 f6 19. Rc6 Bf7 20. Rfc1 Re8 21. Qg4 h5
22. Qg3 Re4 0-1

[Event "AUTO-MASTER-905"]
[Site "http://www.queenalice.com/game.php?id=651386"]
[Date "2009.9.13"]
[Round "1"]
[White "Dallinhas"]
[Black "Alexandrovinsk"]
[Result "0-1"]
[WhiteElo "1910"]
[BlackElo "2117"]

1. d4 d5 2. c4 c6 3. Nc3 Nf6 4. e3 e6 5. Nf3 Bb4 6. Qc2 Ne4 7. Bd2 Nxd2 8. Nxd2
O-O 9. Bd3 f5 10. O-O Nd7 11. a3 Bd6 12. cxd5 cxd5 13. Nb5 Bb8 14. Rac1 Nf6 15.
Nf3 a6 16. Nc3 Bd7 17. Qe2 Bd6 18. Rfd1 Qe8 19. Ne5 Rc8 20. Qf3 Ne4 21. Ne2 Rxc1
0-1

[Event "AUTO-MASTER-905"]
[Site "http://www.queenalice.com/game.php?id=651387"]
[Date "2009.9.13"]
[Round "1"]
[White "Alexandrovinsk"]
[Black "Dallinhas"]
[Result "1-0"]
[WhiteElo "2123"]
[BlackElo "1902"]

1. d4 d5 2. c4 c6 3. Nc3 Nf6 4. Nf3 e6 5. Bg5 Be7 6. e3 O-O 7. Bd3 Bb4 8. O-O
dxc4 9. Bxc4 Nbd7 10. Qb3 Be7 11. Rad1 h6 12. Bh4 Nb6 13. Bd3 Nfd5 14. Bxe7 Qxe7
15. Ne5 Nxc3 16. bxc3 Nd7 17. f4 Nxe5 18. fxe5 b6 19. Rf3 Bb7 20. Rg3 c5 21. Bb1
f5 22. exf6 Rxf6 23. dxc5 Qxc5 24. Rd7 Bc6 25. Rdxg7+ 1-0

[Event "AUTO-MASTER-905"]
[Site "http://www.queenalice.com/game.php?id=651390"]
[Date "2009.9.13"]
[Round "1"]
[White "Dallinhas"]
[Black "boydelta"]
[Result "0-1"]
[WhiteElo "2066"]
[BlackElo "2196"]

1. e4 c5 2. Nf3 Nc6 3. d4 cxd4 4. Nxd4 Nf6 5. Nc3 d6 6. f4 Bg4 7. Nxc6 bxc6 8.
Qd3 g6 9. h3 Bc8 10. Be3 Bg7 11. Be2 a5 12. g4 Ba6 13. Qd2 Qb8 14. Bxa6 Rxa6 15.
Qd3 Ra8 16. O-O-O a4 17. g5 Nh5 18. f5 a3 19. b3 Be5 0-1

[Event "AUTO-MASTER-905"]
[Site "http://www.queenalice.com/game.php?id=651391"]
[Date "2009.9.13"]
[Round "1"]
[White "boydelta"]
[Black "Dallinhas"]
[Result "1-0"]
[WhiteElo "2204"]
[BlackElo "2055"]

1. d4 Nf6 2. g3 g6 3. Bg2 Bg7 4. Nf3 O-O 5. O-O d6 6. c4 Re8 7. Nc3 e5 8. dxe5
dxe5 9. Qxd8 Rxd8 10. Nxe5 c6 11. Bg5 Be6 12. Ne4 Nxe4 13. Bxd8 Nxg3 14. hxg3
Bxe5 15. Rad1 Bxc4 16. f4 Bxb2 17. Bf3 Na6 18. Kg2 Bxa2 19. Be7 Bc3 20. Rd7 1-0